000 00775cam a2200217 a 4500
001 000013010
005 20260205113240.0
008 901217s1946 cu b 000 0 spa
040 _aDO-SdBNP
_bspa
_cBNPHU
082 _a364
_bB517n
100 1 _aBernaldo de Quiros, Constancio,
_d1873-1959.
_930005
245 1 4 _aLas nuevas teorias de la criminalidad /
_cConstancio Bernaldo de Quiros.
250 _a4a ed.
260 _aLa Habana :
_bJesús Montero,
_c1946.
300 _a266 p. ;
_c24 cm.
490 1 _aBiblioteca Jurídica de Autores Cubanos y Extranjeros,
_v103
504 _aBibliografía : p. [247]-256.
650 0 _aCriminología
_917089
650 0 _aAntropología criminal
_930006
830 0 _aBiblioteca Jurídica de Autores Cubanos y Extranjeros,
_v103
_930007
999 _c12657
_d12657